| 000 | 00503nam a2200157 i 4500 | ||
|---|---|---|---|
| 001 | 69699 | ||
| 003 | ES-MaACL | ||
| 005 | 20230906170602.0 | ||
| 007 | t| | ||
| 008 | 040709s1947 sp ||||1| spa d | ||
| 100 | 1 |
_aGarcía García, Laurentino. _954665 |
|
| 245 | 1 | 3 |
_aEl aspirante a sacerdocio y su formación / _cLaurentino García García. |
| 260 |
_aSalamanca : _bSígueme, _c[1947] ( _eAvila : _fEditorial Católica Toledana) |
||
| 300 |
_a3 v. ; _c22 cm. |
||
| 852 |
_aES-MaACL _jF-5192-94 _bR.26776 |
||
| 999 |
_c69699 _d69699 |
||